01077naa#a2200217#i#4500001001600000005001700016011001400033100004100047101000800088102000700096200022600103210010500329215001000434608004500444675012700489700005400616700006400670700005200734700005800786856001500844RU\\bibl\12051720260414002344.2##a1019-8946##a20260410b2026####ek#y0rusy0150####ca0#aRUS##aRU1#aУстановление связи генотипов гена MBL1 с частотой заболеваемости маститом у коров холмогорской породыeЖурнальная статья1#aКемеровоcКемеровский государственный университетd2026##a5 с.##aЖурнальная статья2local##aСельское хозяйство. Лесное хозяйство. Охота. Рыбное хозяйство. 63zRUS#1aКондаковаgАлена Андреевна#1aХудяковаgНаталья Александровна#1aКирьяновgАртем Борисович#1aКожевниковаgИрина Сергеевна4#ajsocnet.ru